000 03106cam a2200469 i 4500
001 in00024318368
005 20251009125026.0
007 ta
008 250526s2025 enk b 000 0 eng d
010 _a 2025354888
016 7 _a300590712
_2Uk
020 _a9780143465713
_qhardback
020 _a0143465716
025 _aI-E-2025-354888; 69-90
035 _a(OCoLC)1521465984
037 _bLibrary of Congress -- New Delhi Overseas Office
040 _aUKMGB
_beng
_erda
_cUKMGB
_dMNU
_dDLC
042 _alccopycat
_alcode
043 _aa-ii---
082 0 4 _a306.0954
_223
100 1 _aKisana, Ravikant,
_eauthor.
245 1 0 _aMeet the savarnas :
_bIndian millennials whose mediocrity broke everything /
_cRavikant Kisana.
264 1 _aLondon :
_bEbury Press,
_c2025.
300 _a256 pages ;
_c23 cm
336 _atext
_2rdacontent
337 _aunmediated
_2rdamedia
338 _avolume
_2rdacarrier
365 _bRs. 699.00
504 _aIncludes bibliographical references (pages 183-187).
505 _aPrologue - 1. What Is a Savarna? - 2. The Glass Floor - 3. Karlo Duniya Mutthi Mein: Corporate Savarna-Capital Complex - 4. Student of the Year - 5. Kuch Kuch Savarna Hai: Love, Sex and Romance in a Caste Society - 6. Made in Heaven: Marriage and Savarna Family Shifts - 7. Savarna Spiritual Gharwapasi from the Development' Valhalla - 8. Leaving India Behind: The Savarna Exodus - Postscript: A Pseudo Epilogue - Acknowledgement - Notes.
520 _aIn the early 2000s, India was expected to ‘shine’ and emerge as a rising superpower. It was the post-1990s golden generation— professionals fresh out of B-schools and engineering programmes —who were supposed to take us there. The Great Indian Dream was ready to lift-off. Except we never left the ground. No one could really explain what went wrong. Some blamed politicians, some corruption, some capitalism and some communal polarization. Most people missed the giant elephant in the room—caste. Caste in India is mostly researched and reported from the experience of the oppressed. Caste as a privilege is not understood well. How do caste elites respond to modernity? How do they understand culture, intimacy, love and tradition? Were their ideas, institutions and imaginations ever even capable of delivering upon the Great Indian Dream? In Meet the Savarnas, Ravikant Kisana goes where few authors have dared: to document the lives, the concerns and crises of India’s urban elites, to frame the savarnas as a distinct social cohort, one that operates within itself and yet is oblivious of its own social rules, privileges and systems.
650 0 _aCaste
_zIndia.
650 0 _aSocial classes
_zIndia.
650 0 _aGeneration Y
_zIndia.
650 7 _aCaste.
_2fast
_0(OCoLC)fst00848395
650 7 _aSocial classes.
_2fast
_0(OCoLC)fst01122346
651 0 _aIndia
_xSocial conditions
_y21st century.
651 7 _aIndia.
_2fast
_0(OCoLC)fst01210276
906 _a0
_bibc
_ccopycat
_d3
_encip
_f20
_gy-gencatlg
942 _2ddc
_cBK
999 _c213852
_d213852